Gemeinden im Landkreis Freudenstadt - Statistiken

Allgemein
  • Dieses Quiz wurde 148 mal gespielt
  • Das Durchschnittsergebnis liegt bei 7 aus 16
Antwortstatistiken
% Korrekt
Freudenstadt
78%
Baiersbronn
71%
Horb am Neckar
71%
Dornstetten
68%
Loßburg
57%
Pfalzgrafenweiler
57%
Alpirsbach
54%
Schopfloch
49%
Glatten
43%
Waldachtal
40%
Eutingen im Gäu
37%
Seewald
33%
Empfingen
30%
Bad Rippoldsau-Schapbach
19%
Grömbach
17%
Wörnersberg
10%
Keine übereinstimmenden Quizze gefunden
Verteilung der Resultate
Anzahl Personen mit jedem Resultat
Perzentil nach korrekt beantworteten Fragen
Ihre Resultats-Entwicklung
Sie haben dieses Quiz noch nicht gespielt